La medición del progreso y el bienestar : propuestas desde América Latina /
Conjunto de 35 propuestas sobre las formas de concebir el bienestar de las personas y medir el progreso de las sociedades, formuladas por diversos exponentes del ámbito académico latinoamericano, convocados por el Foro Consultivo Científico y Tecnológico (FCCyT) para contribuir a los debates desarro...
Tallennettuna:
| Päätekijä: | |
|---|---|
| Muut tekijät: | |
| Aineistotyyppi: | Kirja |
| Kieli: | espanja |
| Julkaistu: |
México :
Foro Consultivo Científico y Tecnológico,
2011, c2011
|
| Aiheet: | |
| Tagit: |
Ei tageja, Lisää ensimmäinen tagi!
|
MARC
| LEADER | 00000nam^a2200000^a^4500 | ||
|---|---|---|---|
| 001 | 000316605 | ||
| 005 | 20250521000000.0 | ||
| 009 | 20260310113318.188 | ||
| 020 | |a 978-607-95050-6-6 | ||
| 037 | |a Acervo ITESO - Biblioteca | ||
| 041 | |a ESP | ||
| 082 | |a 338. 90015195 |b ROJ | ||
| 100 | |a Rojas, Mariano |e (coord.) | ||
| 245 | 1 | 3 | |a La medición del progreso y el bienestar : |b propuestas desde América Latina / |c Coord. e introd. de M. Rojas ; presen. de J.P. Laclette. |
| 264 | 4 | |a México : |b Foro Consultivo Científico y Tecnológico, |c 2011, c2011 | |
| 300 | |a 377 p. | ||
| 336 | |a texto |b txt |2 rdacontenido | ||
| 337 | |a sin mediación |b n |2 rdamedio | ||
| 338 | |a volumen |b nc |2 rdasoporte | ||
| 520 | |a Conjunto de 35 propuestas sobre las formas de concebir el bienestar de las personas y medir el progreso de las sociedades, formuladas por diversos exponentes del ámbito académico latinoamericano, convocados por el Foro Consultivo Científico y Tecnológico (FCCyT) para contribuir a los debates desarrollados dentro del proyecto global Midiendo el Progreso de las Sociedades, propuesto por la Organización para la Cooperación y el Desarrollo Económicos (OCDE). El grupo de economistas resalta numéricamente entre los especialistas convocados, pero de igual modo un conjunto significativo de propuestas formuladas desde la psicología subrayan la relevancia de factores psicológicos que inciden en el bienestar. | ||
| 649 | |a XX | ||
| 650 | |a Desarrollo Económico-Social - |z Latinoamérica | ||
| 650 | |a Desarrollo Económico-Social - |x Medición - |x Tema Principal | ||
| 650 | |a Desarrollo Económico-Social - |x Teoría | ||
| 650 | |a Indicadores Económicos | ||
| 650 | |a Econometría | ||
| 650 | |a Economía - |x Teoría | ||
| 700 | |a Laclette, Juan Pedro |e (presentación) | ||
| 910 | |a Fondo General | ||
| 920 | |a Impresos - Libros | ||
| 930 | |a Colección General | ||
| 905 | |a 101 | ||
| 901 | |a 0500203201 |b IT1 |c ACC |i D57023 |u 20250521 | ||
| 902 | |a https://opac.biblio.iteso.mx/vufind/Record/000316605 | ||